000 00357nam a2200133Ia 4500
008 240624s9999 xx 000 0 und d
041 _aeng
082 _a364.163 FIS
100 _aFISHER KEN
245 _aHOW TO SMELL A RAT THE FIVE SIGNS OF FIN
260 _c2009
_aNew Jersey
_bJohn Wiley and Sons
300 _aix, : 209 : p. : cm. ; 21
365 _c
_b27
999 _c16863
_d16863